[Event "Liga Madrileña - DH 2017-2018"]
[Site "Madrid ESP"]
[Date "2017.11.19"]
[Round "1.11"]
[White "Almagro Llamas, Pablo"]
[Black "Pulvett Marin, Daniel"]
[Result "1-0"]
[WhiteElo "2466"]
[BlackElo "2445"]
[PlyCount "111"]
[EventDate "2017.11.19"]
[EventType "team-tourn"]
[EventRounds "14"]
[EventCountry "ESP"]
[SourceTitle "Ajedrez en Madrid"]
[Source "lmi"]
[SourceDate "2017.11.19"]
[WhiteTeam "Virgen de Atocha"]
[BlackTeam "Alcorcon"]
[WhiteTeamCountry "ESP"]
[BlackTeamCountry "ESP"]

1. d4 Nf6 2. Nf3 g6 3. c4 Bg7 4. Nc3 O-O 5. e4 d6 6. Be2 e5 7. dxe5 dxe5 8. O-O
Nbd7 9. Qc2 c6 10. b4 Re8 11. Rd1 Nh5 12. g3 Qc7 13. Be3 Bf8 14. a3 a5 15. c5
axb4 16. axb4 Rxa1 17. Rxa1 Ng7 18. Na4 Ne6 19. Rd1 Nf6 20. Nb6 Ng4 21. Bc1 Rd8
22. Bb2 Rxd1+ 23. Qxd1 Nxc5 24. bxc5 Bxc5 25. Nxc8 Qxc8 26. Nxe5 Nxf2 27. Qb3
Nxe4+ 28. Kg2 Qf5 29. Ng4 Bf8 30. Qe3 h5 31. Qh6 Bxh6 32. Nxh6+ Kf8 33. Nxf5
gxf5 34. Bxh5 b5 35. Bf3 c5 36. Bxe4 fxe4 37. Kf2 f5 38. Ke3 Kf7 39. Bc1 b4 40.
Bd2 Ke6 41. Kf4 Kd5 42. h4 Kd4 43. h5 b3 44. h6 b2 45. h7 b1=Q 46. h8=Q+ Kc4
47. Qc3+ Kd5 48. Be3 Qb8+ 49. Kxf5 Qc8+ 50. Kf4 Qc7+ 51. Kg4 Qc8+ 52. Kh4 Qd8+
53. Kh3 Qf8 54. Qb3+ Ke5 55. Bf4+ Kf5 56. Qd5+ 1-0

[Event "Liga Madrileña - DH 2017-2018"]
[Site "Madrid ESP"]
[Date "2017.11.19"]
[Round "1.12"]
[White "Vallejo Diaz, Javier"]
[Black "Espinosa Aranda, Angel"]
[Result "1-0"]
[WhiteElo "2376"]
[BlackElo "2450"]
[PlyCount "103"]
[EventDate "2017.11.19"]
[EventType "team-tourn"]
[EventRounds "14"]
[EventCountry "ESP"]
[SourceTitle "Ajedrez en Madrid"]
[Source "lmi"]
[SourceDate "2017.11.19"]
[WhiteTeam "Alcorcon"]
[BlackTeam "Virgen de Atocha"]
[WhiteTeamCountry "ESP"]
[BlackTeamCountry "ESP"]

1. c4 b6 2. Nf3 Bb7 3. g3 Nf6 4. Bg2 g6 5. b3 Bg7 6. Bb2 O-O 7. O-O e6 8. d3 d5
9. Nbd2 c5 10. cxd5 exd5 11. d4 Nbd7 12. Rc1 Re8 13. Re1 Ne4 14. Rc2 Rc8 15. e3
Nxd2 16. Qxd2 c4 17. h4 b5 18. Ng5 Nf6 19. bxc4 bxc4 20. Rb1 Bc6 21. Ba3 h6 22.
Nh3 Ba4 23. Rcc1 Ne4 24. Bxe4 Rxe4 25. Rb7 a6 26. Bc5 Rb8 27. Qb4 Rxb7 28. Qxb7
Qd7 29. Qxd7 Bxd7 30. Nf4 Bc6 31. Rb1 g5 32. hxg5 hxg5 33. Ne2 Re6 34. Nc3 Kh7
35. Rb6 Ba8 36. Rb8 Bc6 37. a4 Kg6 38. Kf1 Kf5 39. Rc8 Rh6 40. Rc7 Be8 41. Ke2
Rc6 42. Re7 Rc8 43. Nxd5 Kg6 44. Ra7 Rb8 45. Rxa6+ Kh7 46. Rb6 Rc8 47. a5 Ba4
48. a6 c3 49. a7 c2 50. Kd2 Bf8 51. Rb8 Rxc5 52. dxc5 1-0

[Event "Liga Madrileña - DH 2017-2018"]
[Site "Madrid ESP"]
[Date "2017.11.19"]
[Round "1.13"]
[White "Rubio Mejia, Luis Ignacio"]
[Black "Vallejo Diaz, Jesus"]
[Result "0-1"]
[WhiteElo "2446"]
[BlackElo "2223"]
[PlyCount "70"]
[EventDate "2017.11.19"]
[EventType "team-tourn"]
[EventRounds "14"]
[EventCountry "ESP"]
[SourceTitle "Ajedrez en Madrid"]
[Source "lmi"]
[SourceDate "2017.11.19"]
[WhiteTeam "Virgen de Atocha"]
[BlackTeam "Alcorcon"]
[WhiteTeamCountry "ESP"]
[BlackTeamCountry "ESP"]

1. d4 Nf6 2. c4 e6 3. Nc3 b6 4. e4 Bb7 5. Bd3 Bb4 6. Qc2 Bxc3+ 7. bxc3 d6 8. f4
e5 9. fxe5 dxe5 10. Nf3 Nbd7 11. Bg5 Qe7 12. O-O Qe6 13. Bxf6 gxf6 14. Nh4 exd4
15. Nf5 Rg8 16. cxd4 c5 17. d5 Qe5 18. a4 a5 19. Rab1 Ba6 20. Qd2 Rg5 21. Rb3
O-O-O 22. Rfb1 Rdg8 23. g3 Rxf5 24. exf5 Rg4 25. Rc1 Kc7 26. Rbc3 Rd4 27. Qf2
Qd6 28. Be2 Ne5 29. Qf1 Qd7 30. Bd1 Rxd5 31. Be2 Rd2 32. R3c2 Rd4 33. Rd1 Bb7
34. Rxd4 Qxd4+ 35. Qf2 Qe4 0-1

[Event "Liga Madrileña - DH 2017-2018"]
[Site "Madrid ESP"]
[Date "2017.11.19"]
[Round "1.14"]
[White "Aguilera Lopez, Alejandro"]
[Black "Plazuelo Pascual, Juan"]
[Result "1/2-1/2"]
[WhiteElo "2208"]
[BlackElo "2327"]
[PlyCount "46"]
[EventDate "2017.11.19"]
[EventType "team-tourn"]
[EventRounds "14"]
[EventCountry "ESP"]
[SourceTitle "Ajedrez en Madrid"]
[Source "lmi"]
[SourceDate "2017.11.19"]
[WhiteTeam "Alcorcon"]
[BlackTeam "Virgen de Atocha"]
[WhiteTeamCountry "ESP"]
[BlackTeamCountry "ESP"]

1. d4 Nf6 2. Nf3 b6 3. c4 Bb7 4. Nc3 e6 5. Bg5 Bb4 6. e3 h6 7. Bh4 g5 8. Bg3
Ne4 9. Qc2 f5 10. Bd3 Bxc3+ 11. bxc3 d6 12. d5 Qf6 13. Nd4 exd5 14. cxd5 Bxd5
15. f3 Nxg3 16. hxg3 Nd7 17. Bxf5 Nc5 18. Kf2 Kf7 19. c4 Bb7 20. Nb5 Qe7 21.
Bg6+ Kg7 22. Bh5 Qf6 23. Ke2 d5 1/2-1/2

[Event "Liga Madrileña - DH 2017-2018"]
[Site "Madrid ESP"]
[Date "2017.11.19"]
[Round "1.15"]
[White "Dominguez Fernandez, Angel I"]
[Black "Prieto Martin, Alfonso"]
[Result "1-0"]
[WhiteElo "2241"]
[BlackElo "2201"]
[PlyCount "85"]
[EventDate "2017.11.19"]
[EventType "team-tourn"]
[EventRounds "14"]
[EventCountry "ESP"]
[SourceTitle "Ajedrez en Madrid"]
[Source "lmi"]
[SourceDate "2017.11.19"]
[WhiteTeam "Virgen de Atocha"]
[BlackTeam "Alcorcon"]
[WhiteTeamCountry "ESP"]
[BlackTeamCountry "ESP"]

1. e4 c5 2. c3 g6 3. d4 cxd4 4. cxd4 d5 5. e5 Bg7 6. Nc3 a6 7. h3 Nc6 8. f4 f6
9. g4 e6 10. Nf3 fxe5 11. fxe5 Nge7 12. Be3 O-O 13. Be2 b5 14. O-O Qb6 15. Qd2
Bd7 16. b3 h6 17. Kg2 Rf7 18. Rf2 Raf8 19. Raf1 Be8 20. Bd3 Kh7 21. Ne2 b4 22.
Nf4 Rxf4 23. Bxf4 a5 24. Be3 Rh8 25. Ng1 Kg8 26. Ne2 g5 27. Ng3 Ng6 28. Bb1
Nce7 29. Kg1 Bb5 30. Rc1 Nh4 31. Nh5 Be8 32. Nf6+ Bxf6 33. exf6 Neg6 34. Bxg6
Nxg6 35. Rc8 Kf7 36. Qc2 Nf8 37. Qc5 Qxc5 38. dxc5 Bd7 39. Rc7 Ke8 40. c6 Kd8
41. Rxd7+ Nxd7 42. cxd7 Kxd7 43. f7 1-0

[Event "Liga Madrileña - DH 2017-2018"]
[Site "Madrid ESP"]
[Date "2017.11.19"]
[Round "1.16"]
[White "Angelina Vela, Carlos"]
[Black "Rodrigo Yanguas, Maria"]
[Result "1-0"]
[WhiteElo "2106"]
[BlackElo "2087"]
[PlyCount "89"]
[EventDate "2017.11.19"]
[EventType "team-tourn"]
[EventRounds "14"]
[EventCountry "ESP"]
[SourceTitle "Ajedrez en Madrid"]
[Source "lmi"]
[SourceDate "2017.11.19"]
[WhiteTeam "Alcorcon"]
[BlackTeam "Virgen de Atocha"]
[WhiteTeamCountry "ESP"]
[BlackTeamCountry "ESP"]

1. d4 Nf6 2. Nf3 g6 3. g3 Bg7 4. Bg2 O-O 5. O-O d6 6. b3 c5 7. c4 Ne4 8. Bb2
Nd7 9. Qc2 f5 10. d5 b5 11. Bxg7 Kxg7 12. Nc3 bxc4 13. Nxe4 fxe4 14. Ng5 Ne5
15. bxc4 h6 16. Nxe4 Ba6 17. Qc3 Kh7 18. Nd2 Rb8 19. f4 Nd7 20. Rab1 Nb6 21.
Be4 Qe8 22. h4 Kg8 23. Qc2 Qa4 24. Rfc1 Qd7 25. Kg2 Rf6 26. Rb3 Rbf8 27. Rf1
Bc8 28. Rh1 e6 29. dxe6 Rxe6 30. Bf3 d5 31. cxd5 Nxd5 32. Nc4 Nb4 33. Qd1 Qc7
34. a3 Nc6 35. Qd5 Rd8 36. Qxc5 Qd7 37. Rd3 Nd4 38. Ne5 Qa4 39. Rhd1 Red6 40.
e3 Ne6 41. Qc3 Rxd3 42. Rxd3 Rxd3 43. Qxc8+ Rd8 44. Qxe6+ Kh8 45. Qf6+ 1-0

[Event "Liga Madrileña - DH 2017-2018"]
[Site "Madrid ESP"]
[Date "2017.11.18"]
[Round "1.21"]
[White "Bolado Saez, Sergio"]
[Black "Valles Moreno, Ivan"]
[Result "0-1"]
[WhiteElo "2383"]
[BlackElo "2428"]
[PlyCount "102"]
[EventDate "2017.11.19"]
[EventType "team-tourn"]
[EventRounds "14"]
[EventCountry "ESP"]
[SourceTitle "Ajedrez en Madrid"]
[Source "lmi"]
[SourceDate "2017.11.19"]
[WhiteTeam "Blanco y Negro"]
[BlackTeam "Liberty Chess"]
[WhiteTeamCountry "ESP"]
[BlackTeamCountry "ESP"]

1. d4 d5 2. Nf3 Nf6 3. c4 e6 4. cxd5 exd5 5. Nc3 c6 6. Bg5 h6 7. Bh4 Bf5 8. e3
Nbd7 9. Bd3 Bxd3 10. Qxd3 Be7 11. h3 O-O 12. O-O Re8 13. Bg3 a5 14. a3 Bf8 15.
Nd2 a4 16. f3 Nh5 17. Bf2 g6 18. g4 Ng7 19. Bg3 h5 20. f4 f5 21. Rf2 Qf6 22.
Nf3 Qe6 23. Ne5 Be7 24. gxh5 Nxh5 25. Rg2 Kh7 26. Kh2 Rg8 27. Rag1 Rg7 28. Qd1
Nxe5 29. fxe5 b5 30. Ne2 Rag8 31. Nf4 Nxf4 32. Bxf4 g5 33. Qh5+ Qh6 34. Qxh6+
Kxh6 35. Bg3 c5 36. Be1 cxd4 37. exd4 Rc8 38. Bd2 Rc4 39. Be3 Kh5 40. Rf1 Rf7
41. Re2 f4 42. Bg1 f3 43. Rd2 g4 44. Be3 Bh4 45. hxg4+ Kxg4 46. Rg1+ Kf5 47.
Rf1 Ke4 48. Bg1 Rh7 49. Kh1 Bg3+ 50. Bh2 Ke3 51. Rfd1 Bxh2 0-1

[Event "Liga Madrileña - DH 2017-2018"]
[Site "Madrid ESP"]
[Date "2017.11.18"]
[Round "1.22"]
[White "Fernandez Garcia, Miguel Angel"]
[Black "Taboas Rodriguez, Daniel"]
[Result "1-0"]
[WhiteElo "2302"]
[BlackElo "2379"]
[PlyCount "105"]
[EventDate "2017.11.19"]
[EventType "team-tourn"]
[EventRounds "14"]
[EventCountry "ESP"]
[SourceTitle "Ajedrez en Madrid"]
[Source "lmi"]
[SourceDate "2017.11.19"]
[WhiteTeam "Liberty Chess"]
[BlackTeam "Blanco y Negro"]
[WhiteTeamCountry "ESP"]
[BlackTeamCountry "ESP"]

1. d4 Nf6 2. c4 g6 3. Nc3 Bg7 4. e4 d6 5. Bd3 O-O 6. Nge2 Nc6 7. O-O Nd7 8. Bc2
Nb6 9. c5 dxc5 10. dxc5 Nc4 11. b3 Nd4 12. Rb1 Nxe2+ 13. Nxe2 Na5 14. Bg5 Nc6
15. Qc1 Bg4 16. f3 Be6 17. Rd1 Qc8 18. Bh6 Bxh6 19. Qxh6 Rd8 20. a3 a5 21. Qe3
Rb8 22. Nf4 Rxd1+ 23. Rxd1 Qe8 24. Qc3 Rd8 25. Nd5 Rd7 26. b4 axb4 27. axb4 Na7
28. Ba4 c6 29. Ne3 Rxd1+ 30. Nxd1 Qd7 31. Ne3 h5 32. g3 h4 33. gxh4 Qc7 34. e5
Qd7 35. Kf2 Ba2 36. Kg3 Be6 37. Kf4 Qd8 38. Qb2 Qd3 39. Bd1 Qd8 40. Be2 Nb5 41.
Bxb5 cxb5 42. Qc3 Qd7 43. Kg5 Ba2 44. Qc2 Qe6 45. Qe4 Kg7 46. Ng4 Bd5 47. Qf4
Qc6 48. h5 gxh5 49. Nf6 exf6+ 50. exf6+ Kh7 51. Qf5+ Kh8 52. Kh6 Qe8 53. Qh7#
1-0

[Event "Liga Madrileña - DH 2017-2018"]
[Site "Madrid ESP"]
[Date "2017.11.18"]
[Round "1.23"]
[White "Renteria Becerra, Jorge Elicer"]
[Black "Moreno Ibañez, Miguel"]
[Result "1/2-1/2"]
[WhiteElo "2345"]
[BlackElo "2270"]
[PlyCount "88"]
[EventDate "2017.11.19"]
[EventType "team-tourn"]
[EventRounds "14"]
[EventCountry "ESP"]
[SourceTitle "Ajedrez en Madrid"]
[Source "lmi"]
[SourceDate "2017.11.19"]
[WhiteTeam "Blanco y Negro"]
[BlackTeam "Liberty Chess"]
[WhiteTeamCountry "ESP"]
[BlackTeamCountry "ESP"]

1. e4 c5 2. Nf3 d6 3. d4 cxd4 4. Nxd4 Nf6 5. Nc3 g6 6. Be3 Bg7 7. h3 Nc6 8. Bc4
O-O 9. Bb3 Bd7 10. O-O Rc8 11. Re1 Qa5 12. Nd5 Rfe8 13. Bd2 Qc5 14. Nxc6 bxc6
15. Bb4 Qb5 16. a4 Qb7 17. Nxf6+ Bxf6 18. Bc3 Bxc3 19. bxc3 a5 20. Qd2 Red8 21.
Rad1 Be8 22. Qh6 e6 23. f4 Qe7 24. f5 c5 25. Bc4 Bxa4 26. fxe6 fxe6 27. Ra1 Bc6
28. Rxa5 Rf8 29. Raa1 Rf7 30. Qd2 Kg7 31. Ra6 Rff8 32. Qd3 Rfd8 33. Bb5 Bb7 34.
Ra7 Ra8 35. Rxa8 Bxa8 36. Bc4 Bc6 37. Qe3 Rf8 38. Qg3 e5 39. Qd3 Qf6 40. Ra1
Qf2+ 41. Kh1 Kh6 42. Bd5 Bxd5 43. Qxd5 Qe2 44. Qxd6 Rf1+ 1/2-1/2

[Event "Liga Madrileña - DH 2017-2018"]
[Site "Madrid ESP"]
[Date "2017.11.18"]
[Round "1.24"]
[White "Sanchez Gonzalez, Sergio"]
[Black "Alarcia Astiz, Carlos"]
[Result "1-0"]
[WhiteElo "2265"]
[BlackElo "2312"]
[PlyCount "137"]
[EventDate "2017.11.19"]
[EventType "team-tourn"]
[EventRounds "14"]
[EventCountry "ESP"]
[SourceTitle "Ajedrez en Madrid"]
[Source "lmi"]
[SourceDate "2017.11.19"]
[WhiteTeam "Liberty Chess"]
[BlackTeam "Blanco y Negro"]
[WhiteTeamCountry "ESP"]
[BlackTeamCountry "ESP"]

1. Nf3 Nf6 2. c4 e6 3. g3 b6 4. Bg2 Bb7 5. O-O c5 6. Nc3 Be7 7. Re1 d5 8. cxd5
exd5 9. d4 O-O 10. Bg5 h6 11. Bxf6 Bxf6 12. e3 Nc6 13. dxc5 Bxc3 14. bxc3 bxc5
15. Nh4 Ne5 16. f4 Nc4 17. Qd3 Nb6 18. a4 Rb8 19. a5 Nd7 20. Red1 Nf6 21. c4
Ba6 22. Qa3 Bxc4 23. Qxc5 Re8 24. Qxa7 Ra8 25. Qc5 Rc8 26. Qd4 Ra8 27. Nf5 Be2
28. Bxd5 Bxd1 29. Bxa8 Bg4 30. Qxd8 Rxd8 31. Ne7+ Kf8 32. Bb7 Kxe7 33. a6 Bc8
34. Bc6 Bxa6 35. Rxa6 Rd1+ 36. Kf2 Ng4+ 37. Ke2 Rb1 38. h3 Rb2+ 39. Kf3 Nh2+
40. Ke4 Nf1 41. Ra7+ Kd6 42. Be8 Nxg3+ 43. Kf3 Nf5 44. Bxf7 g5 45. Ra6+ Ke7 46.
Be6 Nh4+ 47. Kg4 Rg2+ 48. Kh5 gxf4 49. Bg4 Nf5 50. exf4 Nd6 51. Kxh6 Rf2 52.
Kg5 Nf7+ 53. Kf5 Nd6+ 54. Ke5 Nf7+ 55. Ke4 Nd6+ 56. Ke3 Rb2 57. f5 Rb6 58. f6+
Kf8 59. Rxb6 Nc4+ 60. Kf4 Nxb6 61. Be6 Na4 62. h4 Nc5 63. Kf5 Nb7 64. h5 Nd6+
65. Kg6 Nf7 66. h6 Nh8+ 67. Kg5 Ke8 68. h7 Kf8 69. Kh6 1-0

[Event "Liga Madrileña - DH 2017-2018"]
[Site "Madrid ESP"]
[Date "2017.11.18"]
[Round "1.25"]
[White "Shen, Yue"]
[Black "Perez Gonzalez, Jose Manuel"]
[Result "1-0"]
[WhiteElo "2263"]
[BlackElo "2231"]
[PlyCount "51"]
[EventDate "2017.11.19"]
[EventType "team-tourn"]
[EventRounds "14"]
[EventCountry "ESP"]
[SourceTitle "Ajedrez en Madrid"]
[Source "lmi"]
[SourceDate "2017.11.19"]
[WhiteTeam "Blanco y Negro"]
[BlackTeam "Liberty Chess"]
[WhiteTeamCountry "ESP"]
[BlackTeamCountry "ESP"]

1. d4 Nf6 2. c4 g6 3. Nf3 c5 4. d5 b5 5. cxb5 a6 6. bxa6 Bxa6 7. Nc3 d6 8. g3
Bg7 9. Bg2 Nfd7 10. h4 Nb6 11. h5 N8d7 12. Qc2 Nc4 13. Rb1 Qa5 14. Kf1 Na3 15.
bxa3 Qxc3 16. Qd1 Qa5 17. Bb2 Bxb2 18. Rxb2 gxh5 19. Rxh5 Nf6 20. Rh4 Rg8 21.
Qc1 Bc8 22. Ng5 Bf5 23. a4 Kf8 24. Kg1 Kg7 25. e4 Bd7 26. Nxh7 1-0

[Event "Liga Madrileña - DH 2017-2018"]
[Site "Madrid ESP"]
[Date "2017.11.18"]
[Round "1.26"]
[White "Hinojar Diez, David"]
[Black "Beltran de Heredia Eguiaz, Miguel Angel"]
[Result "1-0"]
[WhiteElo "2079"]
[BlackElo "2231"]
[PlyCount "155"]
[EventDate "2017.11.19"]
[EventType "team-tourn"]
[EventRounds "14"]
[EventCountry "ESP"]
[SourceTitle "Ajedrez en Madrid"]
[Source "lmi"]
[SourceDate "2017.11.19"]
[WhiteTeam "Liberty Chess"]
[BlackTeam "Blanco y Negro"]
[WhiteTeamCountry "ESP"]
[BlackTeamCountry "ESP"]

1. e4 c5 2. Nf3 e6 3. d4 cxd4 4. Nxd4 Nc6 5. Nb5 d6 6. Be2 a6 7. Nd4 Nf6 8. Nc3
Be7 9. O-O O-O 10. a4 Bd7 11. Be3 Qc7 12. Nb3 b6 13. f4 Rfe8 14. Bd3 Rab8 15.
Qe2 Bc8 16. Qf2 Nd7 17. Rad1 Bb7 18. Rd2 Nc5 19. Nd4 Bf8 20. Nxc6 Bxc6 21. b3
Qb7 22. Rfd1 Rec8 23. Kh1 Rc7 24. Bxc5 bxc5 25. Be2 g6 26. f5 Qb4 27. Qg3 Bg7
28. Rxd6 Rcc8 29. Na2 Qxe4 30. Bd3 Qe5 31. fxe6 fxe6 32. Bxa6 Rc7 33. Qxe5 Bxe5
34. Rxe6 Bd4 35. Bc4 Kg7 36. c3 Bf6 37. Rdd6 Bxa4 38. Rxf6 Bxb3 39. Bxb3 Rxb3
40. h3 Rb2 41. Ra6 Rxa2 42. Rxg6+ hxg6 43. Rxa2 Rc6 44. c4 Kf6 45. Rd2 Kf5 46.
Rd5+ Kf4 47. Kg1 Rc8 48. Kf2 Rc6 49. g3+ Ke4 50. h4 Rc7 51. Kg2 Rc6 52. Kh3 Kf3
53. Rg5 Rd6 54. Rg4 Rf6 55. h5 gxh5 56. Rg5 Rc6 57. Rxh5 Ke4 58. Rd5 Kf3 59.
Kh4 Rg6 60. Rf5+ Ke4 61. Rxc5 Kd4 62. Rg5 Rh6+ 63. Rh5 Rg6 64. c5 Ke4 65. g4
Kd4 66. Rf5 Rh6+ 67. Kg5 Rc6 68. Kf4 Re6 69. g5 Re4+ 70. Kf3 Re6 71. Kg4 Ke4
72. Rf6 Re8 73. g6 Ke5 74. Kg5 Ra8 75. g7 Ra1 76. Kg6 Ra8 77. Rf8 Ra6+ 78. Kg5
1-0

[Event "Liga Madrileña - DH 2017-2018"]
[Site "Madrid ESP"]
[Date "2017.11.19"]
[Round "1.31"]
[White "Vazquez Igarza, Renier"]
[Black "Suarez Uriel, Adrian"]
[Result "1/2-1/2"]
[WhiteElo "2570"]
[BlackElo "2396"]
[PlyCount "132"]
[EventDate "2017.11.19"]
[EventType "team-tourn"]
[EventRounds "14"]
[EventCountry "ESP"]
[SourceTitle "Ajedrez en Madrid"]
[Source "lmi"]
[SourceDate "2017.11.19"]
[WhiteTeam "Collado Villalba"]
[BlackTeam "La Casa del Ajedrez"]
[WhiteTeamCountry "ESP"]
[BlackTeamCountry "ESP"]

1. Nf3 g6 2. c4 Bg7 3. Nc3 c5 4. g3 Nc6 5. Bg2 Nf6 6. d4 cxd4 7. Nxd4 O-O 8.
O-O Qb6 9. Nc2 d6 10. b3 Be6 11. Rb1 Rfc8 12. h3 Rab8 13. Bd2 h5 14. e4 Qd8 15.
f4 a6 16. a4 Kh7 17. Kh2 Qh8 18. Ne3 Kg8 19. Rc1 Nd4 20. f5 Bd7 21. Ncd5 Nxd5
22. Nxd5 Re8 23. fxg6 fxg6 24. Bg5 Nc6 25. c5 Be5 26. Nf4 Qg7 27. Nd3 Be6 28.
Bf4 Rbd8 29. cxd6 Bxd6 30. Qe1 Ne5 31. Nxe5 Bxe5 32. Qb4 h4 33. Rf3 hxg3+ 34.
Bxg3 Rf8 35. Qb6 Bg4 36. Rxf8+ Rxf8 37. Qe3 Be6 38. b4 g5 39. Bxe5 Qxe5+ 40.
Qg3 Qxg3+ 41. Kxg3 Rd8 42. Rc7 Rd3+ 43. Kf2 Kf7 44. Rxb7 Bxh3 45. Bxh3 Rxh3 46.
Rb6 Rb3 47. a5 g4 48. e5 g3+ 49. Kg2 Kg7 50. Rxa6 Rxb4 51. Kxg3 Re4 52. e6 Kf6
53. Kf3 Re5 54. Kf4 Re1 55. Rc6 Ra1 56. a6 Ra4+ 57. Ke3 Ke5 58. Rb6 Kd5 59. Kd3
Kc5 60. Rb7 Rxa6 61. Rxe7 Kd6 62. Re8 Ra5 63. Kd4 Rd5+ 64. Ke4 Re5+ 65. Kd4
Rxe6 66. Rxe6+ Kxe6 1/2-1/2

[Event "Liga Madrileña - DH 2017-2018"]
[Site "Madrid ESP"]
[Date "2017.11.19"]
[Round "1.32"]
[White "Candela Perez, Jose"]
[Black "Gascon del Nogal, Jose Rafael"]
[Result "1/2-1/2"]
[WhiteElo "2373"]
[BlackElo "2475"]
[PlyCount "106"]
[EventDate "2017.11.19"]
[EventType "team-tourn"]
[EventRounds "14"]
[EventCountry "ESP"]
[SourceTitle "Ajedrez en Madrid"]
[Source "lmi"]
[SourceDate "2017.11.19"]
[WhiteTeam "La Casa del Ajedrez"]
[BlackTeam "Collado Villalba"]
[WhiteTeamCountry "ESP"]
[BlackTeamCountry "ESP"]

1. d4 Nf6 2. c4 e6 3. Nf3 d5 4. Nc3 dxc4 5. e3 a6 6. Bxc4 b5 7. Bb3 Bb7 8. O-O
c5 9. dxc5 Nbd7 10. Bc2 Bxc5 11. a3 Qc7 12. e4 Ng4 13. Bg5 h5 14. Rc1 Nde5 15.
Bf4 Rd8 16. Qe2 Bd6 17. Nxe5 Bxe5 18. Bxe5 Qxe5 19. f4 Qd4+ 20. Kh1 Qe3 21.
Qxe3 Nxe3 22. Rf2 Nxc2 23. Rfxc2 Ke7 24. Kg1 Rd7 25. Re1 Rc8 26. Ree2 Rc4 27.
g3 Rd3 28. Kf2 h4 29. Rc1 Rc5 30. Na2 Rxc1 31. Nxc1 Rd1 32. Nb3 Ba8 33. gxh4 e5
34. fxe5 Ke6 35. Nc5+ Kxe5 36. Ke3 g6 37. Nd3+ Ke6 38. Nc5+ Ke5 39. Nd3+ Ke6
40. Rc2 f5 41. Nc5+ Ke5 42. exf5 gxf5 43. Nd3+ Kf6 44. Rd2 Rf1 45. Rf2 Rg1 46.
b4 Ra1 47. h5 Rxa3 48. Kd4 Be4 49. Nc5 Bc6 50. Re2 Be4 51. Nxe4+ fxe4 52. Rxe4
a5 53. bxa5 Rxa5 1/2-1/2

[Event "Liga Madrileña - DH 2017-2018"]
[Site "Madrid ESP"]
[Date "2017.11.19"]
[Round "1.33"]
[White "Moreno Ruiz, Javier"]
[Black "Fernandez de Bobadilla, Gabriel"]
[Result "1-0"]
[WhiteElo "2451"]
[BlackElo "2213"]
[PlyCount "105"]
[EventDate "2017.11.19"]
[EventType "team-tourn"]
[EventRounds "14"]
[EventCountry "ESP"]
[SourceTitle "Ajedrez en Madrid"]
[Source "lmi"]
[SourceDate "2017.11.19"]
[WhiteTeam "Collado Villalba"]
[BlackTeam "La Casa del Ajedrez"]
[WhiteTeamCountry "ESP"]
[BlackTeamCountry "ESP"]

1. d4 Nf6 2. c4 e6 3. Nc3 Bb4 4. f3 c5 5. d5 b5 6. e4 d6 7. Nge2 exd5 8. cxd5
O-O 9. Ng3 a6 10. Be2 Ba5 11. O-O Re8 12. Be3 Nbd7 13. Rc1 Ne5 14. b3 Bd7 15.
h3 Ng6 16. Qd2 Rc8 17. Qb2 Qe7 18. a3 h5 19. Nd1 h4 20. Nh1 Bd8 21. b4 c4 22.
Nc3 Rb8 23. Rce1 Bb6 24. Bxb6 Rxb6 25. f4 Qd8 26. Bd1 Rb8 27. Qd2 Qb6+ 28. Kh2
Ra8 29. Bc2 Qc7 30. e5 dxe5 31. d6 Qb7 32. Bxg6 fxg6 33. fxe5 Nh5 34. Qg5 Re6
35. Ne4 Bc6 36. Nc5 Qc8 37. Qxh4 a5 38. Qf2 Kh7 39. g4 axb4 40. axb4 Ra3 41.
Re3 Rxe3 42. Qxe3 Nf6 43. Qd4 Nd5 44. d7 Bxd7 45. Qxd5 Re7 46. Ng3 Bc6 47. Qd6
Ra7 48. Rf2 Qa8 49. Ne6 Ra2 50. Ne2 Ra1 51. Qe7 Ra7 52. Qh4+ Kg8 53. Ng5 1-0

[Event "Liga Madrileña - DH 2017-2018"]
[Site "Madrid ESP"]
[Date "2017.11.19"]
[Round "1.34"]
[White "Gil Quilez, David"]
[Black "Martin Duque, Jesus"]
[Result "0-1"]
[WhiteElo "2205"]
[BlackElo "2374"]
[PlyCount "140"]
[EventDate "2017.11.19"]
[EventType "team-tourn"]
[EventRounds "14"]
[EventCountry "ESP"]
[SourceTitle "Ajedrez en Madrid"]
[Source "lmi"]
[SourceDate "2017.11.19"]
[WhiteTeam "La Casa del Ajedrez"]
[BlackTeam "Collado Villalba"]
[WhiteTeamCountry "ESP"]
[BlackTeamCountry "ESP"]

1. e4 e5 2. Nf3 Nc6 3. Bc4 Nf6 4. d3 Be7 5. O-O O-O 6. Re1 d6 7. c3 Na5 8. Bb5
a6 9. Ba4 b5 10. Bc2 c5 11. Nbd2 Nc6 12. a4 Rb8 13. Nf1 h6 14. h3 Re8 15. axb5
axb5 16. d4 Bf8 17. d5 Ne7 18. g4 Ng6 19. Ne3 Nf4 20. Kh2 Nh7 21. b4 c4 22. Ng2
h5 23. Bxf4 hxg4 24. Be3 gxf3 25. Qxf3 Ng5 26. Bxg5 Qxg5 27. Ne3 g6 28. Ra7
Qf4+ 29. Qg3 Be7 30. Nf5 Qxg3+ 31. Nxg3 Bd8 32. Kg2 Bb6 33. Raa1 Kg7 34. h4 Rh8
35. Rh1 Bd7 36. h5 Ra8 37. hxg6 fxg6 38. Rxh8 Rxh8 39. Ra6 Bh3+ 40. Kg1 Rb8 41.
Bd1 Kf6 42. Be2 Kg5 43. Bf1 Bc8 44. Ra2 Kh4 45. Bg2 Bb7 46. Nf1 Rf8 47. Nh2 g5
48. Nf3+ Kh5 49. Kf1 g4 50. Ng1 Kg5 51. Bh1 Kh4 52. Bg2 Bc8 53. Bh1 Bd7 54. Bg2
Be8 55. Bh1 Bg6 56. Re2 Ra8 57. Bg2 Ra3 58. Re1 Rxc3 59. Rb1 Ra3 60. Ne2 Ra2
61. Ke1 Bh5 62. Bf1 Kg5 63. Bg2 g3 64. f3 Bf2+ 65. Kf1 Ra3 66. Ng1 Bxg1 67.
Kxg1 Bxf3 68. Rf1 Kg4 69. Bh3+ Kxh3 70. Rxf3 Rxf3 0-1

[Event "Liga Madrileña - DH 2017-2018"]
[Site "Madrid ESP"]
[Date "2017.11.19"]
[Round "1.35"]
[White "Ortega Ruiz, Jose Miguel"]
[Black "Yingrui, Lin"]
[Result "0-1"]
[WhiteElo "2273"]
[BlackElo "2049"]
[PlyCount "76"]
[EventDate "2017.11.19"]
[EventType "team-tourn"]
[EventRounds "14"]
[EventCountry "ESP"]
[SourceTitle "Ajedrez en Madrid"]
[Source "lmi"]
[SourceDate "2017.11.19"]
[WhiteTeam "Collado Villalba"]
[BlackTeam "La Casa del Ajedrez"]
[WhiteTeamCountry "ESP"]
[BlackTeamCountry "ESP"]

1. d4 Nf6 2. c4 e6 3. Nf3 b6 4. g3 Bb7 5. Bg2 Be7 6. Nc3 Ne4 7. Nxe4 Bxe4 8.
O-O O-O 9. Bf4 d6 10. b4 Nd7 11. b5 f5 12. a4 Bf6 13. a5 Qe7 14. Ra2 e5 15.
dxe5 dxe5 16. Bd2 Rfd8 17. Qb3 Nc5 18. Qa3 Qf7 19. Rc1 Ne6 20. Bb4 h5 21. Rd2
Rxd2 22. Nxd2 Bxg2 23. Kxg2 Rd8 24. Qf3 Nd4 25. Qb7 Nxe2 26. Rd1 Nd4 27. Qxa7
Nc2 28. Rb1 Nxb4 29. axb6 cxb6 30. Qxb6 Rxd2 31. Rxb4 Be7 32. Ra4 f4 33. Qb8+
Kh7 34. Qxe5 fxg3 35. Qxg3 Bc5 36. Kh1 Qb7+ 37. f3 Rd1+ 38. Kg2 Rg1+ 0-1